FIFA 16 Top 20 Goalkeepers - Statistics

General Stats
  • This quiz has been taken 1,226 times
  • The average score is 15 of 20
Answer Stats
Club Position Overall Player % Correct
Bayern Munchen 1st 90 Neuer
99%
Manchester United 2nd 86 De Gea
98%
Juventus 7th 84 Buffon
95%
Arsenal 4th 85 Cech
94%
Tottenham Hotspurs 6th 84 Lloris
94%
Chelsea 3rd 86 Courtois
90%
Manchester City 11th 83 Hart
87%
Barcelona 16th 82 Ter Stegen
86%
Barcelona 12th 83 Bravo
80%
Inter Milan 9th 83 Handanovic
78%
Porto 8th 84 Casillas
76%
Marseille 10th 83 Mandanda
73%
Leverkusen 5th 84 Leno
72%
PSG 18th 82 Sirigu
59%
Monchengladbach 17th 82 Sommer
54%
Galatasaray 19th 82 Muslera
52%
Saint-Etienne 14th 83 Ruffier
52%
Chelsea 15th 82 Begovic
49%
Valencia 13th 83 Alves
41%
Ajax 20th 82 Cillessen
37%
No matching quizzes found
Score Distribution
Percent of People with Each Score
Percentile by Number Answered
Your Score History
You have not taken this quiz